| 000 -LEADER |
| fixed length control field |
01026nam a22002057a 4500 |
| 005 - DATE AND TIME OF LATEST TRANSACTION |
| control field |
20241128125536.0 |
| 008 - FIXED-LENGTH DATA ELEMENTS--GENERAL INFORMATION |
| fixed length control field |
241128s2018 ru ||||| |||| 00| 0 rus d |
| 020 ## - INTERNATIONAL STANDARD BOOK NUMBER |
| International Standard Book Number |
9785001170051 X |
| 041 ## - LANGUAGE CODE |
| Language code of text/sound track or separate title |
ruc |
| 080 ## - UNIVERSAL DECIMAL CLASSIFICATION NUMBER |
| Universal Decimal Classification number |
658.5 X-20 |
| 100 ## - MAIN ENTRY--PERSONAL NAME |
| Personal name |
Харфорд, Тим |
| 9 (RLIN) |
23808 |
| 245 ## - TITLE STATEMENT |
| Title |
Хаос. |
| Remainder of title |
Как беспорядок меняет нашу жизнь к лучшему / |
| Statement of responsibility, etc. |
Тим Харфорд, пер. санг. Юлия Гиматова |
| 264 ## - PRODUCTION, PUBLICATION, DISTRIBUTION, MANUFACTURE, AND COPYRIGHT NOTICE |
| Place of production, publication, distribution, manufacture |
Москва : |
| Name of producer, publisher, distributor, manufacturer |
Манн, Иванов и Фербер, |
| Date of production, publication, distribution, manufacture, or copyright notice |
2018. |
| 300 ## - PHYSICAL DESCRIPTION |
| Extent |
320c. |
| Other physical details |
23 cm. |
| 653 ## - INDEX TERM--UNCONTROLLED |
| keyword |
Хаос. Как беспорядок меняет нашу жизнь к лучшему |
| 653 ## - INDEX TERM--UNCONTROLLED |
| keyword |
ქაოსი. როგორ ცვლის არეულობა ჩვენს ცხოვრებას უკეთესობისკენ |
| 653 ## - INDEX TERM--UNCONTROLLED |
| keyword |
ეკონომიკა, ფსიქოლოგია |
| 700 ## - ADDED ENTRY--PERSONAL NAME |
| Personal name |
Гиматова, Юлия |
| Relator term |
მთარგმნელი |
| 9 (RLIN) |
23809 |
| 942 ## - ADDED ENTRY ELEMENTS (KOHA) |
| Source of classification or shelving scheme |
|
| Koha item type |
წიგნი |